000 00467nam a22001937a 4500
003 MPLRDC
005 20220104183359.0
008 210129b ||||| |||| 00| 0 eng d
020 _a986-133-193-5
082 _a855 NW
100 _a女王
245 _a我是女王
_c
250 _a初版
260 _a台湾
_b圆神出版社有限公司
_c2007
300 _b
490 _a圆神文丛: 51
650 _a散文;随笔、日记
942 _cBK
_o855 NW
999 _c62379
_d62369